000 00351nam a22001457a 4500
020 _a6049-100000-02-12108
082 _a894.812
_bMOO/J
100 _aN.MOOSAKUTTY
245 _aJEEVITHA VIJAYATHINU 1001 NIRDESHANGAL
250 _a2ND EDITION
260 _aTRICHUR
_bH & C BOOKS
_c2008
300 _a96
650 _aMOTIVATIONAL
_zKERALA
942 _cBK
999 _c1154
_d1154